The Basics of process mapping / (Record no. 18195)
[ view plain ]
| 000 -LEADER | |
|---|---|
| fixed length control field | 00928cam a2200289 a 4500 |
| 001 - CONTROL NUMBER | |
| control field | 16093709 |
| 005 - DATE AND TIME OF LATEST TRANSACTION | |
| control field | 20201128021043.0 |
| 008 - FIXED-LENGTH DATA ELEMENTS--GENERAL INFORMATION | |
| fixed length control field | 100216t2011 xxuak frb 001 0 eng d |
| 010 ## - LIBRARY OF CONGRESS CONTROL NUMBER | |
| LC control number | 2010006278 |
| 020 ## - INTERNATIONAL STANDARD BOOK NUMBER | |
| International Standard Book Number | 9781563273766 (pbk. : acidfree paper) |
| 040 ## - CATALOGING SOURCE | |
| Original cataloging agency | DLC |
| Transcribing agency | DLC |
| Modifying agency | DLC |
| 082 04 - DEWEY DECIMAL CLASSIFICATION NUMBER | |
| Classification number | 658.54 |
| Edition number | 22 |
| Item number | DAM |
| 100 1# - MAIN ENTRY--PERSONAL NAME | |
| Personal name | Damelio, Robert |
| 9 (RLIN) | 35842 |
| 245 14 - TITLE STATEMENT | |
| Title | The Basics of process mapping / |
| Statement of responsibility, etc | Robert Damelio. |
| 250 ## - EDITION STATEMENT | |
| Edition statement | 2nd ed. |
| 260 ## - PUBLICATION, DISTRIBUTION, ETC. (IMPRINT) | |
| Place of publication, distribution, etc | Boca Raton, United States ; |
| -- | London ; |
| -- | New York, United States : |
| Name of publisher, distributor, etc | CRC Press, |
| Date of publication, distribution, etc | c.2011. |
| 300 ## - PHYSICAL DESCRIPTION | |
| Extent | ix, 173 p. : |
| Other physical details | forms, tables ; |
| Dimensions | 23 cm. |
| 500 ## - GENERAL NOTE | |
| General note | Index : p. 169-173. |
| 500 ## - GENERAL NOTE | |
| General note | Includes appendix. |
| 504 ## - BIBLIOGRAPHY, ETC. NOTE | |
| Bibliography, etc | Includes bibliographical references. |
| 650 #0 - SUBJECT ADDED ENTRY--TOPICAL TERM | |
| Topical term or geographic name as entry element | Work design |
| 9 (RLIN) | 35843 |
| 650 #0 - SUBJECT ADDED ENTRY--TOPICAL TERM | |
| Topical term or geographic name as entry element | Flow charts |
| 9 (RLIN) | 35844 |
| 653 ## - INDEX TERM--UNCONTROLLED | |
| Resource For college | Engineering, Architecture |
| Arrived date list | March2014 |
| 655 ## - INDEX TERM--GENRE/FORM | |
| Form subdivision | |
| -- | 33728 |
| 650 #0 - SUBJECT ADDED ENTRY--TOPICAL TERM | |
| 9 (RLIN) | 891 |
| Topical term or geographic name as entry element | Organizational effectiveness |
| 942 ## - ADDED ENTRY ELEMENTS (KOHA) | |
| Source of classification or shelving scheme | Dewey Decimal Classification |
| Call number prefix | 658.54 DAM |
| Withdrawn status | Item status | Source of classification or shelving scheme | Damaged status | Not for loan | Vendor | Home library | Current library | Shelving location | Date acquired | Source of acquisition | Cost, normal purchase price | Total Checkouts | Full call number | Barcode | Date last seen | Cost, replacement price | Koha item type |
|---|---|---|---|---|---|---|---|---|---|---|---|---|---|---|---|---|---|
| Dewey Decimal Classification | Baccah | Central Library | Central Library | First floor | 31/03/2014 | 150.00 | 658.54 DAM | 000035849 | 15/07/2025 | 187.50 | NB - Book (Non borrowing) | ||||||
| Dewey Decimal Classification | Baccah | Central Library | Central Library | First floor | 31/03/2014 | 150.00 | 658.54 DAM | 000035850 | 15/07/2025 | 187.50 | Book - Borrowing | ||||||
| Dewey Decimal Classification | Baccah | Central Library | Central Library | First floor | 31/03/2014 | 150.00 | 658.54 DAM | 000035851 | 15/07/2025 | 187.50 | Book - Borrowing |